| 000 | 00861cab a2200241 4500 | ||
|---|---|---|---|
| 001 | ABS58245 | ||
| 008 | 090401t1998 xxu||||| |||| 00| 0 eng d | ||
| 035 | _a(Sirsi) u84368 | ||
| 041 | _aeng | ||
| 100 | _aMilne, M. | ||
| 245 | 4 | _aThe Construction Act 1996 summarised | |
| 260 | _c1998 | ||
| 350 | _a0 | ||
| 490 |
_aASI Journal _v9(5) January 1998, 10(1) |
||
| 520 | _aBriefly outlines the main features of the Construction Act 1996. | ||
| 650 | _aMANAGEMENT-DISPUTE AVOIDANCE, MANAGEMENT AND RESOLUTION-DISPUTE MANAGEMENT AND RESOLUTION-ALTERNATIVE DISPUTE RESOLUTION-ADJUDICATION | ||
| 650 | _aHOUSING GRANTS, CONSTRUCTION AND REGENERATION ACT 1996 | ||
| 650 | _aBUILT ENVIRONMENT-BUILDING CONTRACT FORMS | ||
| 650 | _aHOUSING GRANTS CONSTRUCTION AND REGENERATION ACT 1996 | ||
| 690 | _aBUILT ENVIRONMENT | ||
| 942 | _n0 | ||
| 948 | _c20/02/1998 | ||
| 999 |
_c53022 _d53022 |
||